Global development finance 2009 (Registro nro. 163892)

Detalles MARC
000 -ENCABEZADO
Número de control [NR] 01639cam a22004214a 4500
003 - IDENTIFICADOR DE CONTROL NÚMERO
control field The World Bank
005 - FECHA Y HORA DE LA ÚLTIMA TRANSACCIÓN
control field 20140910090235.0
006 - DE LONGITUD FIJA DE DATOS ELEMENTOS - CARACTERÍSTICAS ADICIONALES DEL MATERIAL - INFORMACIÓN GENERAL
fixed length control field m d
007 - CAMPO DESCRIPCIÓN FÍSICA FIJA - INFORMACIÓN GENERAL
fixed length control field cr cn|||||||||
008 - DE LONGITUD FIJA DE DATOS DE ELEMENTOS - INFORMACIÓN GENERAL
Elementos de longitud fija [NR] 100624s2009 dcua 000 0 eng d
010 ## - NUMERO DE CONTROL DE LA BIBLIOTECA DEL CONGRESO (LC) [NR]
Número de control LC [NR] 2010455481
020 ## - NUMERO INTERNACIONAL NORMALIZADO PARA LIBROS [R]
Número Internacional Normalizado del libro [NR] 0821378406 (v. 1 : pbk.)
020 ## - NUMERO INTERNACIONAL NORMALIZADO PARA LIBROS [R]
Número Internacional Normalizado del libro [NR] 0821378422 (v. 2)
020 ## - NUMERO INTERNACIONAL NORMALIZADO PARA LIBROS [R]
Número Internacional Normalizado del libro [NR] 9780821378403 (v. 1 : pbk.)
020 ## - NUMERO INTERNACIONAL NORMALIZADO PARA LIBROS [R]
Número Internacional Normalizado del libro [NR] 9780821378427 (v. 2)
035 ## - NUMERO DE CONTROL DEL SISTEMA [R]
Número de control del sistema [NR] (The World Bank)ocn424498418
040 ## - FUENTE DE CATALOGACION [NR]
Agencia de catalogación original [NR] AMAUA
Quien Cataloga
Quien Clasifica
--
--
--
--
042 ## - CODIGO DE AUTENTICACION [NR]
Código de autenticación [R] lccopycat
050 00 - SIGNATURA TOPOGRAFICA DE LA BIBLIOTECA DEL CONGRESO (LC) [R]
Número clasificador [R] HJ8899
Número del ítem [NR] .W663 2009
082 04 - NUMERO DE CLASIFICACION DECIMAL DEWEY [R]
Número de clasificación [R] 336.3/435/091724
Número de la edición [NR] 22
245 00 - MENCION DE TITULO [NR]
Título [NR] Global development finance 2009
Medio físico [NR] recurso electrónico
Parte restante del título [NR] charting a global recovery cthe World Bank.
246 30 - FORMA VARIANTE DEL TITULO [R]
Título propiamente dicho/forma breve del título [NR] Charting a global recovery
260 ## - PUBLICACION, DISTRIBUCION, ETC. (PIE DE IMPRENTA) [R]
Lugar de publicación, distribución, etc. [R] Washington D.C. bWorld Bankcc2009.
Nombre del editor, distribuidor, etc. [R] xx
Fecha de publicación, distribución, etc. [R] xx
300 ## - DESCRIPCION FISICA [R]
Extensión [R] v. <1> bill., tables c28 cm.
505 0# - NOTA DE CONTENIDO CON FORMATO PREESTABLECIDO [R]
Nota de contenido con formato preestablecido [NR] v. 1: Review, analysis, and outlook -- v. 2: Summary and country tables.
650 #0 - ASIENTO SECUNDARIO DE MATERIA - TERMINO TEMATICO [R]
Término temático o nombre geográfico como elemento de entrada [NR] Debts, External
Subdivisión geográfica [R] Developing countries
Subdivisión de forma [R] Statistics.
9 (RLIN) 31222
650 #0 - ASIENTO SECUNDARIO DE MATERIA - TERMINO TEMATICO [R]
Término temático o nombre geográfico como elemento de entrada [NR] Finance
Subdivisión geográfica [R] Developing countries.
9 (RLIN) 31223
650 #0 - ASIENTO SECUNDARIO DE MATERIA - TERMINO TEMATICO [R]
Término temático o nombre geográfico como elemento de entrada [NR] International finance.
9 (RLIN) 31224
650 #0 - ASIENTO SECUNDARIO DE MATERIA - TERMINO TEMATICO [R]
Término temático o nombre geográfico como elemento de entrada [NR] Investments, Foreign
Subdivisión geográfica [R] Developing countries.
9 (RLIN) 31225
710 2# - ASIENTO SECUNDARIO - NOMBRE CORPORATIVO [R]
Nombre corporativo o de jurisdicción como elemento de entrada [NR] World Bank.
9 (RLIN) 4764
740 02 - ASIENTO SECUNDARIO – TITULOS RELACIONADOS/ANALITICOS NO CONTROLADOS [R]
Título relacionado o analítico no controlado [NR] Review, analysis, and outlook.
740 02 - ASIENTO SECUNDARIO – TITULOS RELACIONADOS/ANALITICOS NO CONTROLADOS [R]
Título relacionado o analítico no controlado [NR] Summary and country tables.
773 0# - ASIENTO DEL ITEM FUENTE [R]
Lugar, editorial y fecha de publicación [NR] xx xx xx
Otro identificador del ítem [R] worldbank
Título [NR] World Bank
776 08 - ASIENTO DE SOPORTE FISICO ADICIONAL [R]
Asiento principal [NR] Print Versionz9780821378427
830 #0 - ASIENTO SECUNDARIO DE SERIE--TITULO UNIFORME [R]
Título uniforme [NR] World Bank e-Library.
9 (RLIN) 31226
856 40 - LOCALIZACION Y ACCESO ELECTRONICOS [R]
Identificador Uniforme del Recurso (“URI”) [R] <a href="http://ez.urosario.edu.co/login?url=http://elibrary.worldbank.org/content/book/9780821378427">http://ez.urosario.edu.co/login?url=http://elibrary.worldbank.org/content/book/9780821378427</a>
942 ## - ELEMENTOS DE ENTRADA AGREGADOS (KOHA)
Tipo de ítem principal el descrito en 300a Recurso electrónico
Prefijo de la signatura top. (colección)
Sistema de clasificación DEWEY
Clasificación 336.3

No hay ítems disponibles.